|
|
|
|
| LEADER |
00928nab#a2200337#ar4500 |
| 001 |
000120921 |
| 003 |
SVKKK |
| 005 |
20171116092828.0 |
| 008 |
171116c2017 xo |||||||||||||||b|slo |
| FMT |
|
|
|
| 015 |
|
|
|a SNBRB2017/11
|
| 038 |
|
|
|a SVKKK
|
| 040 |
|
|
|a SVKKK
|b slo
|e AACR2
|
| 041 |
0 |
|
|a slo
|
| 044 |
|
|
|a xo
|c SK
|
| 080 |
|
|
|a 502/504
|2 2011
|
| 245 |
1 |
0 |
|a Zelená infraštruktúra – život pre krajinu
|c redakcia
|
| 300 |
|
|
|b Fotogr.
|
| 650 |
0 |
4 |
|a ochrana životného prostredia
|
| 650 |
0 |
4 |
|a zelená infraštruktúra
|
| 650 |
0 |
4 |
|a krajinná ekológia
|
| 650 |
0 |
4 |
|a územné plánovanie
|
| 651 |
|
4 |
|a Slovensko
|
| 773 |
0 |
|
|t Enviromagazín : odborno-náučný časopis o životnom prostredí
|g Roč. 22, č. 3 (2017), s. 13
|x 1335-1877
|
| 974 |
|
|
|a Va
|
| 992 |
|
|
|a RBX
|
| BAS |
|
|
|
| 852 |
|
|
|a SVKKK
|b BIB
|
| 856 |
4 |
1 |
|a http://www.enviromagazin.sk/enviro2017/03_enviromagazin_2017.pdf
|
| EXP |
|
|
|
| 998 |
|
|
|a GEO
|